| 000 | 02314nam a2200661 i 4500 | ||
|---|---|---|---|
| 001 | kpw211063484 | ||
| 003 | CZ PrSKC | ||
| 005 | 20260407161824.0 | ||
| 007 | ta | ||
| 008 | 250110s2024 xr ac||e||||||000 0|cze|| | ||
| 020 |
_a9788025745649 _q(vázáno) : _cKč 788,00 |
||
| 040 |
_aTUG001 _bcze _dKVG001 _erda |
||
| 072 | 7 |
_a913(7) _xGeografie Severní Ameriky, reálie, cestování _2Konspekt |
|
| 080 |
_a913(721/727) _2MRF |
||
| 080 |
_a316.72/.75 _2MRF |
||
| 080 |
_a908(721/727) _2MRF |
||
| 080 |
_a(0.062) _2MRF |
||
| 100 | 1 |
_aKubátová, Eva, _d1985- _4aut _4pht |
|
| 245 | 1 | 0 |
_aMexikopedie 3 : _babecedář mexické kultury / _cEva Kubátová |
| 246 | 3 | 0 | _aAbecedář mexické kultury |
| 250 | _aVydání první | ||
| 264 | 1 |
_aPraha : _bArgo, _c2024 |
|
| 300 |
_a516 stran : _bbarevné ilustrace, portréty ; _c22 cm |
||
| 336 |
_atext _btxt _2rdacontent |
||
| 336 |
_astatický obraz _bsti _2rdacontent |
||
| 337 |
_abez média _bn _2rdamedia |
||
| 338 |
_asvazek _bnc _2rdacarrier |
||
| 520 | 2 | _aTaké třetí díl Mexikopedie je kniha pro duše neposedné a toužící po dalekých horizontech dobrodružství. Kniha, která vás zavede na ta nejvzdálenější místa Mexika a všemi smysly vás vtáhne do příběhu, jako byste stáli autorce po boku. Kniha, která mění životy nejen svých protagonistů, ale inspiruje čtenáře, aby se sami zvedli z pohovky. Kniha, která dala dohromady komunitu tisíců fandů Mexika, jejichž nejtvrdší jádro si říká mexikopediáni. Kniha, kterou chcete číst, i když vás Mexiko nikdy nezajímalo. | |
| 650 | 0 | 7 |
_akultura a společnost _2czenas |
| 651 | 7 |
_aMexiko _2czenas |
|
| 655 | 7 |
_apopulárně-naučné publikace _2czenas |
|
| 787 | 0 | 8 |
_iZ cyklu: _tMexikopedie _g3 |
| 900 | _b18 | ||
| 910 | _aABA010 | ||
| 910 | _aABG001 | ||
| 910 | _aBOG001 | ||
| 910 | _aCBA001 | ||
| 910 | _aCRG001 | ||
| 910 | _aDCG302 | ||
| 910 | _aJIG001 | ||
| 910 | _aJNG001 | ||
| 910 | _aKVG001 | ||
| 910 | _aOLD012 | ||
| 910 | _aOLG001 | ||
| 910 | _aOPG001 | ||
| 910 | _aOSG002 | ||
| 910 | _aPAG001 | ||
| 910 | _aPEG001 | ||
| 910 | _aPNG001 | ||
| 910 | _aPVG001 | ||
| 910 | _aRKG001 | ||
| 910 | _aSUG001 | ||
| 910 | _aTUG001 | ||
| 910 | _aUHG001 | ||
| 910 | _aVYG001 | ||
| 910 | _aZLG001 | ||
| 942 |
_2ddc _cKNIHA _n0 |
||
| 999 |
_c1851 _d1851 |
||